[Event "Berlin Lichtenberger op 9th"]
[Site "Berlin"]
[Date "2010.08.11"]
[Round "6"]
[White "Brauer, Thilo"]
[Black "Hempel Morgenstern, Markus"]
[Result "1-0"]
[WhiteElo "1830"]
[BlackElo "1564"]
[PlyCount "43"]
[EventDate "2010.08.07"]
[EventType "swiss"]
[EventRounds "9"]
[EventCountry "GER"]
[SourceTitle "CBM 137 Extra"]
[Source "ChessBase"]
[SourceDate "2010.09.01"]
[SourceVersion "1"]
[SourceVersionDate "2010.09.01"]
[SourceQuality "1"]

1. c4 f5 2. Nc3 Nf6 3. g3 g6 4. Bg2 Bg7 5. d3 0-0 6. Nf3 c5 7. Rb1 d5 8. cxd5 Nxd5 9. Qb3 e6 10. Bg5 Qa5 11. Bd2 Bxc3 12. bxc3 Qb6 13. Ne5 Qd6 14. d4 Nc6 15. Nxc6 bxc6 16. 0-0 Nb6 17. Bf4 Qd7 18. dxc5 Nd5 19. Rfd1 Qe8 20. Be5 Ba6 21. c4 Nf6 22. Qa4 1-0

[Event "Berlin Lichtenberger op 9th"]
[Site "Berlin"]
[Date "2010.08.11"]
[Round "5"]
[White "Poeltelt, Helmut"]
[Black "Brauer, Thilo"]
[Result "1/2-1/2"]
[WhiteElo "1697"]
[BlackElo "1830"]
[PlyCount "101"]
[EventDate "2010.08.07"]
[EventType "swiss"]
[EventRounds "9"]
[EventCountry "GER"]
[SourceTitle "CBM 137 Extra"]
[Source "ChessBase"]
[SourceDate "2010.09.01"]
[SourceVersion "1"]
[SourceVersionDate "2010.09.01"]
[SourceQuality "1"]

1. e4 d6 2. d4 Nf6 3. Nc3 e5 4. dxe5 dxe5 5. Qxd8+ Kxd8 6. Nf3 Bd6 7. h3 Ke7 8. Bd2 Nc6 9. 0-0-0 h6 10. a3 Be6 11. Be3 a6 12. Nd2 b5 13. b4 Na7 14. f3 Nc8 15. Nb3 Bxb3 16. cxb3 Rb8 17. Bd3 Nb6 18. g4 Nfd7 19. Kb2 c6 20. Ne2 Rbc8 21. Ng3 g6 22. h4 Ke6 23. Rc1 c5 24. bxc5 Bxc5 25. Bxc5 Nxc5 26. Be2 Rc7 27. Rc3 Rd8 28. Rd1 Rxd1 29. Bxd1 Kd7 30. h5 Ne6 31. Rxc7+ Kxc7 32. hxg6 fxg6 33. Nf1 Nd4 34. Ne3 Kd6 35. Kc3 a5 36. Nc2 Nxc2 37. Bxc2 Nd7 38. b4 a4 39. Bd3 Kc6 40. Kd2 Nf8 41. Ke3 Ne6 42. Kf2 Nd4 43. Ke3 g5 44. Kf2 Kd6 45. Kg2 Ke6 46. Kg3 Kf6 47. Kh3 Ke6 48. Kg3 Kd6 49. Kf2 Kc6 50. Ke3 Kb6 51. Kf2 1/2-1/2